00515nam a2200181 a 4500001000400000003000900004008004100013020001500054040002800069082001800097100002700115245002000142260004400162300001600206490001600222500007300238650002200311770CO-ViMGA141112s2004 ck r 000 u spa d a9580410097 aCO-ViMGAbspacCO-ViMGA04aCo861.3 S458p1 aSilva, Jose Asunción10aPoemas y prosas aSantafé de Bogotá : bNorma, c1996 a120, 119 p.0 aCara y cruz aEncuadernado con A propósito de Jose Asunción Silva y su obra. 14aPOESIA COLOMBIANA